000 00654nam a22002297a 4500
003 UA-OsUOA
001 86568
007 ta
008 20120906b un ||||| |||| 00| 0 ukr d
100 _aШейнман М.
090 _a94(456.31)
_bШ39
942 _cBK
040 _aUA-OsUOA
_brus
_cUA-OsUOA
_dUA-OsUOA
245 _aИдеология и политика Ватикана на службе империализма
300 _a222 с.
955 _a1
041 _arus
080 _a94(456.31)
260 _aМ.
_bПолитиздат
_c1950
650 7 _a9 Географія. Біографії. Історія
_2UDC
999 _c372675
_d372675